Normal view
MARC view
Entry Personal Name
001 - CONTROL NUMBER
- control field: 11052
003 - CONTROL NUMBER IDENTIFIER
- control field: OSt
005 - DATE AND TIME OF LATEST TRANSACTION
- control field: 20160913191700.0
008 - FIXED-LENGTH DATA ELEMENTS
- fixed length control field: 160913|| aca||aabn | a|a d
040 ## - CATALOGING SOURCE
- Original cataloging agency: OSt
- Transcribing agency: OSt
100 ## - HEADING--PERSONAL NAME
- Personal name: Stumpf.V,Robert;Teague,C.Lavette;
670 ## - SOURCE DATA FOUND
- Source citation: Work cat.: (OSt): Stumpf.V,Robert;Teague,C.Lavette;, Object-Oriented Systems analysis and design with UML:, 2005.
